Loading...
| History - European | 0 | 4 | 0 | 0 | 40 | 51 | 83.75 | 0 | 1 | 12.85 | 18.18 |
| Literature - World | 0 | 4 | 0 | 1 | 40 | 109 | 131.50 | 0 | 1 | 1.29 | 9.09 |
| Philosophy | 0 | 3 | 0 | 1 | 30 | 121 | 129.00 | 0 | 0 | 0.07 | 7.58 |
| Religion | 0 | 3 | 0 | 0 | 30 | 37 | 89.33 | 1 | 3 | 7.85 | 24.24 |
| History - American | 0 | 4 | 2 | 1 | 30 | 73 | 91.50 | 0 | 3 | 9.95 | 25.76 |
| Fine Arts - Painting and Sculpture | 0 | 2 | 0 | 1 | 20 | 131 | 134.00 | 0 | 0 | 0.77 | 7.58 |
| Literature - European | 0 | 2 | 0 | 0 | 20 | 138 | 143.00 | 0 | 0 | 0.07 | 4.55 |
| History - Other | 0 | 2 | 0 | 0 | 20 | 121 | 127.50 | 0 | 1 | -0.14 | 3.03 |
| History - World | 0 | 2 | 1 | 0 | 15 | 95 | 111.50 | 0 | 2 | 2.48 | 9.09 |
| Social Science | 0 | 1 | 0 | 0 | 10 | 99 | 99.00 | 0 | 1 | 2.06 | 6.06 |
| Fine Arts - Classical Music | 0 | 1 | 0 | 0 | 10 | 139 | 139.00 | 0 | 1 | -0.07 | 3.03 |
| Fine Arts - Other | 0 | 1 | 0 | 0 | 10 | 139 | 139.00 | 0 | 0 | 0.00 | 1.52 |
| Geography | 0 | 1 | 0 | 0 | 10 | 103 | 103.00 | 0 | 0 | 5.93 | 8.33 |
| Literature - American | 0 | 1 | 0 | 0 | 10 | 136 | 136.00 | 0 | 0 | 0.00 | 3.03 |
| Mythology | 0 | 1 | 0 | 0 | 10 | 123 | 123.00 | 0 | 0 | 0.00 | 4.55 |
| Other Academic | 0 | 1 | 0 | 0 | 10 | 112 | 112.00 | 1 | 1 | 26.80 | 100.00 |
| Current Events | 0 | 1 | 0 | 0 | 10 | 115 | 115.00 | 0 | 0 | 2.17 | 11.11 |
| Science - Physics | 0 | 1 | 0 | 1 | 10 | 115 | 115.00 | 0 | 1 | -0.08 | 3.03 |
| Literature - British | 0 | 0 | 0 | 0 | 0 | 0.00 | 0 | 0 | 0.00 | 0.00 |